Women's Names in Classic Rock Songs - Statistics

General Stats
  • This quiz has been taken 92 times
  • The average score is 11 of 30
Answer Stats
Hint Answer % Correct
You don't have to put out the red light, or wear that dress tonight Roxanne
70%
A girl with kaleidoscope eyes… in a boat… on a river Lucy in the Sky with Diamonds
62%
A "sweet" song written by Neil Diamond about JFK's daughter Sweet Caroline
62%
I'm begging of you please don't take my man Jolene
61%
Picks up the rice in a church where a wedding has been Eleanor Rigby
58%
You've got me on my knees. I'm begging, darlin', please Layla
58%
She walked like a woman but talked like a man Lola
57%
Love grows where she goes Rosemary
53%
Guess you better slow your Mustang down Mustang Sally
52%
You're breaking my heart. You're shaking my confidence daily. Cecilia
45%
Wake up, I think I got somethin' to say to you Maggie May
44%
You got me rockin' and a-rollin', rockin' and a-reelin' Barbara Ann
39%
With no lovin' in our souls and no money in our coats, you can't say we're satisfied Angie
36%
A fine girl who works in a harbor town, layin' whiskey down Brandy
36%
You gotta help me (help, help me) get her out of my heart Rhonda
34%
Every time I think that I'm the only one who's lonely someone calls on me Along Comes Mary
32%
You came and you gave without taking, but I sent you away Mandy
32%
You fill up my senses like a night in a forest Annie's Song
30%
She rings like a bell through the night (and wouldn't you love to love her?) Rhiannon
29%
I hear you calling, but me and the boys will be playing all night Beth
26%
Baby hair with a woman's eyes Sara Smile
23%
Well, say that you'll be true and never leave me blue Susie Q
23%
You've painted up your lips and rolled and curled your tinted hair Ruby (Don't Take Your Love to Town)
22%
I think I could stay with you, for a while, maybe longer if I do Amie
18%
Took her home. I nearly made it, sitting on a sofa with a sister or two Lovely Rita
18%
Done up in blueprint blue, it sure looks good on you Peg
16%
You can get anything you want here Alice's Restaurant
12%
Here's your one chance, don't let me down Fancy
8%
Mary Hill used to hang out here Cherry Hill Park
4%
There's a girl I know who makes me feel so good and I wouldn't leave her, even if I could Valerie
3%
No matching quizzes found
Score Distribution
Percent of People with Each Score
Percentile by Number Answered
Your Score History
You have not taken this quiz